Algebraic systems
Αποθηκεύτηκε σε:
| Κύριος συγγραφέας: | |
|---|---|
| Μορφή: | Βιβλίο |
| Γλώσσα: | English Russian |
| Δημοσίευση: |
Berlin ; New York :
Springer-Verlag,
1973
|
| Σειρά: | Grundlehren der mathematischen Wissenschaften in Einzeldarstellungen mit besonderer Berucksichtigung der Anwendungsgebiete ;
; 192 |
| Θέματα: | |
| Ετικέτες: |
Προσθήκη ετικέτας
Δεν υπάρχουν, Καταχωρήστε ετικέτα πρώτοι!
|
MARC
| LEADER | 00000nam a2200000 i 4500 | ||
|---|---|---|---|
| 001 | 1/30472 | ||
| 008 | 960708s1973 eng d | ||
| 020 | |a 3-540-05792-7 | ||
| 035 | |a 1995 |l 10038578 | ||
| 040 | |a GR-MY-UA |b gre |e aacr | ||
| 041 | 0 | |a eng |h rus | |
| 082 | 0 | |a 512.02 | |
| 100 | 1 | |a Mal'tsev, A. I. |q (Anatolii Ivanovich) |d 1909-1967. | |
| 245 | 1 | 0 | |a Algebraic systems / |c A.I. Mal'cev ; translated from the Russian by B.D. Seckler and A.P. Doohovskoy |
| 260 | |a Berlin ; New York : |b Springer-Verlag, |c 1973 | ||
| 300 | |a xii, 317 p.; |b ill.; |c 24 cm. | ||
| 490 | 1 | |a Grundlehren der mathematischen Wissenschaften in Einzeldarstellungen mit besonderer Berucksichtigung der Anwendungsgebiete |v ; 192 | |
| 500 | |a Includes bibliographical references and index | ||
| 650 | 0 | 0 | |a Algebra, Abstract. |
| 650 | 0 | 0 | |a Model theory. |
| 650 | 0 | 0 | |a Logic, Symbolic and mathematical. |
| 830 | 0 | |a Grundlehren der mathematischen Wissenschaften in Einzeldarstellungen mit besonderer Berucksichtigung der Anwendungsgebiete ; |v ; 192 | |
| 852 | |a INST |b SAMOS |e 19960708 |h 512.02 MAL |p 005300005175 |q 005300005175 |t BK |y 0 | ||
| 909 | |a Σ |b 039366 | ||